Datum a čas kvízu
25
Celkem bodů
Celkový počet nahraných bodů na tomto kvízu bez doplňovacích otázek.
2.
Pořadí na kvízu
Konečné umístění týmu na tomto kvízu.
Zaznamenané odpovědi
| # | Otázka | Odpověď | Body | Výsledky |
|---|---|---|---|---|
| 1. | Město Praha minulý týden oznám... | o jednorázové plastové nádobí | 0 | |
| 2. | Do boje o Bílý dům se minulý t... | Joe Biden | 1 | |
| 3. | Hlavní roli v pětadvacátém fil... | Rami Malek | 1 | |
| 4. | Filipínský prezident Rodrigo D... | Kanada | 1 | |
| 5. | Petra Kvitová se na antukovém... | Stuttgart | 0 | |
| 6. | Na obrázku vidíme nizozemské m... | Gouda | 0 | |
| 7. | Jak se jmenuje bývalá nizozems... | Beatrix | 1 | |
| 8. | Nizozemsko se může pyšnit slav... | Hieronymus Bosch | 0 | |
| 9. | Nadnárodní společnost, která s... | Ahold | 1 | |
| 10. | Mezi nejoblíbenější sporty v N... | PSV Eindhoven | 1 |